| 000 | 00487nam a22001697a 4500 | ||
|---|---|---|---|
| 005 | 20260228160439.0 | ||
| 010 | _aBACEN26 | ||
| 020 |
_a9789348156051 _c476.00 |
||
| 037 | _bPangram Publishers | ||
| 082 | _aN | ||
| 100 |
_aEliot, George _987855 |
||
| 245 |
_aThe Mill On The Floss/ _cGeorge Eliot |
||
| 260 |
_aDelhi _bPangram Publishers _c2025 |
||
| 270 |
_aA 208, 2nd Floor, North Ex Mall, Sector-9, Rohini _bDelhi _e110085 |
||
| 300 |
_a476.p _c22cm(pb) |
||
| 942 |
_2ddc _cEN _hN _mELI |
||
| 999 |
_c215179 _d215179 |
||